00860nam a2200205 a 450000100100000000500170001000800410002702000150006804000250008304100130010810000280012124501430014926000740029230000210036654600340038770000500042171000610047195201050053299900170063700004150320201002034940.0131009s1990 sp 000 0 spa d a840007047X aDO-SdBNPbspacBNPHU17aspabar.1 aZanón, Jesús96820710aíndice analítico de materiales para el estudio de la toponimia Hispanoárabe :bnomina fluvial de Elías Terés /cJesús Zanón. aGranada :bConsejo Superior de Investigaciones Científicas.,c1990. a165 p. ;c25 cm. aTextos en español y árabe1 aTerés Sádaba, Elías,d1915-1983.9682082 aConsejo Superior de Investigaciones Científicas.94786 001050718MOaGRbGRcCTd2013-10-09iLF1l0o p41503-10r2020-06-25w2020-06-25y1ZNo se presta c40993d40993